Welcome to CU Library Online Public Access Catalogue (OPAC)

Coping with stress in a changing world / (Record no. 4392)

MARC details
000 -LEADER
fixed length control field 00621cam a2200217 a 4500
001 - CONTROL NUMBER
control field 13518982
005 - DATE AND TIME OF LATEST TRANSACTION
control field 20250226193156.0
008 - FIXED-LENGTH DATA ELEMENTS--GENERAL INFORMATION
fixed length control field 040311s2005 maua b 001 0 eng
020 ## - INTERNATIONAL STANDARD BOOK NUMBER
International Standard Book Number 0072885742 (pbk. : alk. paper)
050 00 - LIBRARY OF CONGRESS CALL NUMBER
Classification number BF575.S75
Item number B57 2005
082 00 - DEWEY DECIMAL CLASSIFICATION NUMBER
Classification number 155.9/042
Edition information 22
100 1# - MAIN ENTRY--PERSONAL NAME
Personal name Blonna, Richard.
245 10 - TITLE STATEMENT
Title Coping with stress in a changing world /
Statement of responsibility, etc. Richard Blonna.
250 ## - EDITION STATEMENT
Edition statement 3rd ed.
260 ## - PUBLICATION, DISTRIBUTION, ETC.
Place of publication, distribution, etc. Boston :
Name of publisher, distributor, etc. McGraw-Hill,
Date of publication, distribution, etc. c2005.
300 ## - PHYSICAL DESCRIPTION
Extent xv, 380 p. :
Other physical details ill. ;
Dimensions 28 cm.
500 ## - GENERAL NOTE
General note Includes Index
650 #0 - SUBJECT ADDED ENTRY--TOPICAL TERM
Topical term or geographic name entry element Stress (Psychology)
650 #0 - SUBJECT ADDED ENTRY--TOPICAL TERM
Topical term or geographic name entry element Stress management.
942 ## - ADDED ENTRY ELEMENTS (KOHA)
Source of classification or shelving scheme Library of Congress Classification
Koha item type Books
Suppress in OPAC No
999 ## -
-- 4392
-- 4392
Holdings
Withdrawn status Lost status Source of classification or shelving scheme Damaged status Not for loan Collection Home library Current library Shelving location Date acquired Total checkouts Full call number Barcode Date last seen Copy number Price effective from Koha item type
    Library of Congress Classification     Non-fiction Business Library (Miotso) Business Library (Miotso) General stacks 02/26/2025   BF 575.S75.B57 BSSM00001040 02/26/2025 1 02/26/2025 Books
    Library of Congress Classification     Non-fiction Business Library (Miotso) Business Library (Miotso) General stacks 02/26/2025   BF 575.S75.B57 BSSM00001039 02/26/2025 2 02/26/2025 Books
    Library of Congress Classification     Non-fiction Business Library (Miotso) Business Library (Miotso) General stacks 02/26/2025   BF 575.S75.B57 BSSM00001042 02/26/2025 3 02/26/2025 Books
    Library of Congress Classification     Non-fiction Business Library (Miotso) Business Library (Miotso) General stacks 02/26/2025   BF 575.S75.B57 BSSM00001041 02/26/2025 4 02/26/2025 Books
© 2023-2024 Copyright: Central University Libraries. All Rights Reserved | Created by: Mahone Tech Office